000 00758nam a2200229 a 4500
005 20160205174900.0
008 160204b ck a |d|||| 00| 0 spa d
040 _aCO-BoIAVH
_cCO-BoIAVH
041 0 _aspa
044 _ack
090 _aFH-
_b0049
245 1 3 _aLas orquídeas colombianas del genero Cattleya
260 _aBogotá :
_bInstituto de Investigación de Recursos Biológicos Alexander von Humboldt,
_c2008.
300 _a1 plegable ;
_bilustraciones a color ;
_c23 x 17 cm.
490 0 _aSerie especies colombianas ;
_v15
650 6 _aOrquídeas
650 6 _aOrquídeas
_zColombia
650 6 _aCattleya
_zColombia
700 1 _aCalderón, Eduardo
700 1 _aConstantino, Emilio
942 _2z
_cFolleto
999 _c7170
_d7170